Yleistieto #26 - Statistics

Yleistilastot
  • Tätä visaa on pelattu 817 kertaa
  • Keskiarvotulos 8 / 15
Vastaustilastot
Vinkki Vastaus % Oikein
Minkäniminen näköalatorni sijaitsee Tampereella? Näsinneula
94%
Suomen ensimmäinen kansainvälinen jalkapallotähti? Jari Litmanen
86%
Kenen hitti on "Aikuinen Nainen "? Paula Koivuniemen
79%
Mikä on Filippiinien pääkaupunki? Manila
64%
Kuka valittiin Tango kuninkaaksi 1995? Jari Sillanpää
63%
Mikä joki virtaa Budapestin läpi? Tonava
61%
Mikä on Havaijin pääkaupunki? Honolulu
59%
Kuka kirjoitti kirjat "Hanna" ja "Työmiehen Vaimo"? Minna Canth
53%
Minkä yhtyeen hitti on "Hotel California"? Eaglesin
48%
Kuka laulaja-lauluntekijä kuoli Lontoossa 2011 alkoholimyrkytykseen? Amy Winehouse
46%
Kuka perusti Helsingin kaupungin? Kustaa Vaasa
39%
Mikä on Syyrian suurin kaupunki? Aleppo
30%
Mikä eläin on latinaksi alces alces? Hirvi
29%
Kuka maalasi teokset "Tähtikirkas yö" ja "Öinen Katukahvila"? Vincent van Gogh
26%
Mikä on Pohjois-Amerikan suurin järvi? Superior
13%
Ehtoja vastaavia visoja ei löytynyt
Tulosjakauma
Jokaisen tuloksen saaneiden osuus
Persentiili vastausten määrän mukaan
Tuloshistoriasi
Et ole pelannut tätä visaa